Felices por siempre / (Registro nro. 7535)

Detalles MARC
000 -LIDER
fixed length control field 00825nam a2200253 a 4500
001 - NÚMERO DE CONTROL
Identificador de número de control 000045146
003 - IDENTIFICACDOR DE NÚMERO DE CONTROL
control field DO-SdBNP
005 - DATE AND TIME OF LATEST TRANSACTION
control field 20180402080747.0
007 - CAMPOS FIJOS DE DESCRIPCIÓN FÍSICA
fixed length control field 000045146
008 - ELEMENTOS DE LONGITUD FIJA
fixed length control field 150205s2007 dr a 000 0 spa d
020 ## - ISBN
Canceled/invalid ISBN 9789945421484
040 ## - FUENTE DE CATALOGACIÓN
Agencia que crea de manera original el registro BPMET
Idioma de catalogación spa
Agencia que realiza la transcripción BPMET
100 1# - ASIENTO PRINCIPAL -- NOMBRE PERSONAL
Nombre personal Escalante Suárez, Maura A.
Fechas asociadas con el nombre 1970-
245 10 - MENCIÓN DE TITULO
Título Felices por siempre /
Mención de responsabilidad Maura A. Escalante Suárez ; ilustraciones Manuel Morales Batista.
260 ## - PUBLICACIÓN, DISTRIBUCIÓN, ETC. (PIE DE IMPRENTA)
Lugar de publicación, distribución, etc Santo Domingo :
Nombre del editor, distribuidor, etc. Fola,
Fecha de publicación, distribución, etc 2007.
300 ## - DESCRIPCIÓN FÍSICA
Extensión 34 p. :
Otros detalles físicos il. ;
Dimensiones 20 cm.
490 1# - MENCIÓN DE SERIES
Mención de serie Infantil y juvenil
500 ## - NOTA GENERAL
Nota general Incluye datos biográficos de la autora en la contracubierta
700 1# - ASIENTO SECUNDARIO -- NOMBRE PERSONAL
Nombre personal Morales Batista, Manuel
Mención de responsabilidad il.
830 #0 - ASIENTO SECUNDARIO DE SERIE--TÍTULO UNIFORME
Título uniforme Infantil y juvenil
942 ## - ADDED ENTRY ELEMENTS (KOHA)
Source of classification or shelving scheme Dewey Decimal Classification
Koha item type Libros
945 ## - INFORMACIÓN DE PROCESAMIENTO LOCAL
Información de procesamiento local Remanejado para la BNPHU / 2018 VM
956 ## - LOCAL ELECTRONIC LOCATION AND ACCESS (OCLC)
Nombre de host VMATEO
Número de acceso 10
Información de compresión 20150302
Inicio de sesión BPMUSU
Procesador de solicitud 00151
Existencias
Withdrawn status Lost status Source of classification or shelving scheme Damaged status Not for loan Collection code Home library Current library Date acquired Total Checkouts Barcode Date last seen Price effective from Koha item type Copy number
    Dewey Decimal Classification     Colección Infantil Dominicana Biblioteca Pública Metropolitana Salomé Ureña Biblioteca Pública Metropolitana Salomé Ureña 03/02/2015   BPM15040237 03/02/2015 03/02/2015 Libros  
    Dewey Decimal Classification     Colección Infantil Dominicana Biblioteca Pública Metropolitana Salomé Ureña Biblioteca Pública Metropolitana Salomé Ureña 03/02/2015   BPMSU5040238 03/02/2015 03/02/2015 Libros e. 2